000 00460nam a22001817a 4500
005 20230403143055.0
008 230329b |||||||| |||| 00| 0 eng d
020 _a978-1-4200-7099-6
041 _aeng
082 _a615.19 MAR-Q
100 _aMARTIN,YVONNE CONNOLLY
_97678
245 _aQUANTATIVE DRUG DESIGN -A CRITICAL INTRODUCTION
250 _a2nd ed.
260 _bCRS PRESS
300 _a282;P.
650 _aPHARMACY
_xB.PHARMA
_97679
942 _cBK
999 _c8251
_d8249